000 00664nam a2200265Ia 4500
005 20260306164523.0
008 008 260114s9999 xx 000 0 eng d
020 _a9780191981593
037 _aEBOOK
040 _aCRL
040 _beng
040 _cCRL
041 _2eng
041 _aeng
084 _qCRL
100 _aLimor Raviv, Cedric Boeckx
_91130964
245 4 _aThe Oxford Handbook Of Approaches To Language Evolution
260 _bOxford University Press
260 _c2025
650 _aLinguistics
856 _uhttps://academic.oup.com/edited-volume/60324
942 _cEBOOK
999 _c1714371
_d1714371